000 00659nam a22002057a 4500
005 20130614114344.0
010 _aENG-107459
020 _a9788125050544
_c450.00
035 _aEN-90992
037 _bDBAD/PUB
082 _a954.14035
100 _aSamaddar, Ranabir
245 _aMemory, identity, power :
_cby Ranabir Samaddar
_bpolitics in the junglemahals 1890-1950 /
250 _a2nd ed
260 _aNew Delhi
_bOrient BlackSwan
_c2013
270 _a1/24 Asaf Ali Road
_bNew Delhi
_e110002
300 _axxiv,304p.:
_c22cm(pbk)
_bill.
500 _aIncludes bibliographical references and index
942 _2ddc
_cEN
_mSAM
_h954.14035
999 _c76390
_d76390